Mistrzostwa Świata 2010 - Statystyki

Ogólne statystyki
  • Ten quiz został rozwiązany 263 razy
  • Średni wynik to 13 z 22
Statystyki odpowiedzi
Pozycja Hiszpania % Poprawnych
BR Iker Casillas
96%
LP Andres Iniesta
95%
ŚPO Xavi
90%
PO Sergio Ramos
89%
ŚO Carles Puyol
87%
PP Arjen Robben
86%
N David Villa
86%
ŚO Gerard Pique
86%
N Robin van Persie
79%
ŚPD Sergio Busquets
73%
ŚPO Wesley Sneijder
68%
ŚPD Xabi Alonso
62%
PP Pedro
54%
BR Maarten Stekelenburg
49%
ŚPD Nigel de Jong
43%
LO Giovanni van Bronckhorst
38%
LP Dirk Kuyt
36%
LO Joan Capdevila
31%
ŚO Johnny Heitinga
29%
ŚPD Mark van Bommel
27%
PO Gregory van der Wiel
16%
ŚO Joris Mathijsen
13%
Nie znaleziono quizów pasujących do podanych kryteriów
Rozkład punktacji
Procent ludzi z każdym wynikiem
Percentyl według liczby udzielonych odpowiedzi
Twoja historia wyników
Nie rozwiązałeś tego quizu